000 01129nam a22002177a 4500
999 _c60018
_d60018
005 20230530160218.0
008 230530s en xxu||||| |||| 00| 0 eng d
020 _a9788378932260
041 _geng
_hgeo
080 _a94(479.22)"12/19" Sho-55
100 _aShoshiashvili, Nodar, ავტორი, იდეის
_918321
245 _aModern history of Georgia /
_coriginal idea, Nodar Shoshiashvili ; authors: Stephen F. Jones, Andrew Andersen, Eric Lee [et al.] translated by Tamta Katsitadze, Beka Katsitadze, Nino Khuberashvili, Teona Henderson ; photos by Konstantine Gabrichidze.;
264 _bWojnowice : KEW, [S.d.]
300 _a413 p. :
_bphot., maps, portr.
_c 20 cm.
505 _aბიბლიოგრაფია ტექსტის შენიშვნებში
653 _aსაქართველო -- ისტორია -- XIII-XX
700 _aJones, Stephen F
_eავტორი.
_918322
700 _aAndersen, Andrew,
_eავტორი [და სხვ]
_918323
700 _aKatsitadze, Tamta,
_eმთარგმნელი [და სხვ]
_918324
942 _2udc
_cBK